| 000 | 00950nas a2200313 4500 | ||
|---|---|---|---|
| 001 | BR2013008081 | ||
| 003 | BR-BrBNA | ||
| 005 | 20231205123058.0 | ||
| 007 | ta | ||
| 008 | 230509b bl.|||p| |||| 00| 00por d | ||
| 040 |
_aBR-BrBNA _bpor _cBiblioteca Nacional de Agricultura |
||
| 041 | _a(Pt) | ||
| 072 | _aQ54 | ||
| 100 | 1 | _aMoreira, G.R. | |
| 100 | 1 | _aSaliba, E.O.S. | |
| 100 | 1 | _aGonçalves, L.C. | |
| 100 | 1 | _aMauricio, R.M. | |
| 100 | 1 | _aSousa, L.F. | |
| 100 | 1 | _aRodrigues, N.M. | |
| 100 | 1 | _aLana, A.M.Q. | |
| 245 | 1 | _aAvaliação nitricional de fenos produzidos com Andropogon gayanus cv. Planaltina | |
| 650 | _aFENO | ||
| 650 | _aCAPIM ANDROPOGON | ||
| 650 | _aRUMINAÇÃO | ||
| 773 | 0 |
_tArquivo Brasileiro de Medicina Veterinária e Zootecnia (Brazil) _xISSN 0102-0935 _g(Jul 2013), v. 65(3) p. 865-873 _wBR2013008081 |
|
| 856 | 4 | 0 | _uVALOR NUTRITIVO |
| 909 |
_a202311 _bLúcia _c55 _dLúcia Elande |
||
| 942 |
_2AGRIS _n0 _cANA |
||
| 999 |
_c232068 _d232068 |
||